Discurso que en la solemne apertura del año escolar de 1870 en 1871 pronunció el día 1º de octubre, en el Instituto de Segunda Enseñanza, su director en comisión, D. Antonio Blanco Fernández. (Record no. 152202)

MARC details
000 -LEADER
campo de control de longitud fija 01147nam a2200241 i 4500
001 - NÚMERO DE CONTROL
campo de control 152202
003 - IDENTIFICADOR DE NÚMERO DE CONTROL
campo de control ES-MaACL
005 - FECHA Y HORA DE LA ÚLTIMA TRANSACCIÓN
campo de control 20251011063141.0
008 - DATOS DE LONGITUD FIJA--INFORMACIÓN GENERAL
campo de control de longitud fija 051011s1870 cu |||| | spa d
040 ## - FUENTE DE CATALOGACIÓN
Centro catalogador/agencia de origen CAM
Lengua de catalogación spa
Centro/agencia transcriptor CAM
080 ## - NÚMERO DE LA CLASIFICACIÓN DECIMAL UNIVERSAL
Número de la Clasificación Decimal Universal 373.5(729.1)
100 1# - ENTRADA PRINCIPAL--NOMBRE DE PERSONA
Nombre de persona Blanco Fernández, Antonio,
Fechas asociadas al nombre m. 1873
9 (RLIN) 29247
245 10 - MENCIÓN DEL TÍTULO
Título Discurso que en la solemne apertura del año escolar de 1870 en 1871 pronunció el día 1º de octubre, en el Instituto de Segunda Enseñanza, su director en comisión, D. Antonio Blanco Fernández.
260 ## - PUBLICACIÓN, DISTRIBUCIÓN, ETC.
Lugar de publicación, distribución, etc. Habana :
Nombre del editor, distribuidor, etc. [s.n.],
Fecha de publicación, distribución, etc. 1870 (
Lugar de fabricación/manufactura Imp. del Gobierno y Capitanía General)
300 ## - DESCRIPCIÓN FÍSICA
Extensión 13 p., [20] h. ;
Dimensiones 20 cm.
530 ## - NOTA DISPONIBLE DE FORMULARIO FÍSICO ADICIONAL
Nota de formato físico adicional disponible Disponible en formato digital.
650 #4 - PUNTO DE ACCESO ADICIONAL DE MATERIA--TÉRMINO DE MATERIA
Término de materia o nombre geográfico como elemento de entrada Enseñanza-
Subdivisión geográfica Cuba
9 (RLIN) 12282
710 2# - ENTRADA AGREGADA--NOMBRE DE ENTIDAD CORPORATIVA
Nombre de entidad corporativa o nombre de jurisdicción como elemento de entrada Instituto de Segunda Enseñanza de La Habana.
9 (RLIN) 134557
852 ## - LOCALIZACIÓN
Ubicación ES-MaACL
Número de control de estantería T-159-F-11
Nota libre - Enc. hol., falto de cub. original
-- - Enc. en un vol. facticio
852 ## - LOCALIZACIÓN
Ubicación ES-MaACL
Número de control de estantería T-113-F-9
Nota libre - Enc. hol., falto de cub. original
-- - Enc. en un vol. facticio
856 ## - LOCALIZACIÓN Y ACCESO ELECTRÓNICOS
Identificador Uniforme de Recursos <a href="http://bdh-rd.bne.es/viewer.vm?id=0000084226&page=1 ">http://bdh-rd.bne.es/viewer.vm?id=0000084226&page=1 </a>
Nota pública Biblioteca Digital Hispánica
Holdings
Estatus retirado Estado de pérdida Estado de daño No para préstamo Colección Biblioteca de origen Biblioteca actual Ubicación en estantería Fecha de adquisición Total de préstamos Signatura topográfica completa Código de barras Visto por última vez Precio de reemplazo Tipo de ítem Koha
        Colección de folletos Biblioteca del Ateneo de Madrid Biblioteca del Ateneo de Madrid Depósito folletos 17/01/2008   T-113-F-9 1158898 23/02/2023 23/02/2023 Folleto
        Colección de folletos Biblioteca del Ateneo de Madrid Biblioteca del Ateneo de Madrid Depósito folletos 17/01/2008   T-159-F-11 1158897 23/02/2023 23/02/2023 Folleto